000 00514nam a22001457a 4500
020 _a9781426206528
040 _cNUST
082 _a909 HYS
100 _aHyslop, Stephen G
_988957
110 _aSomerville, Bob Thompson, John Reston, James.Jr
_988958
245 _a Eyewitness to History :
_bfrom ancient times to the modern era
260 _aWashington:
_bNational Geographic Society,
_c2011.
650 _aWorld history -- Sources. Civilization -- History -- Sources. Civilization.
_988959
942 _2ddc
_cBK
999 _c587823
_d587823